000 00724nam a2200205Ii 4500
003 JO-AjNU
008 230605s9999||||xx |||||||||||||| ||und||
017 _a2004/7/1785
040 _aJO-AjNU
_bara
_erda
_cJO-AjNU
041 _aara
050 1 4 _aT55.D8364 2004
100 3 _aتأليف الدغمي، ناصر علي ناصر ,
_eauthor
_937348
245 0 0 _aالسلامة والصحة المهنية والوقاية من المخاطر المهنية
264 3 1 _aالمفرق:المؤلف ، 2004
300 _a181ص
336 _atext
_btxt
_2rdacontent
337 _aunmediated
_bn
_2rdamedia
338 _avolume
_bnc
_2rdacarrier
650 4 _aالسلامة المهنية-الصحة المهنية
_937349
999 _aA15597
_c19165
_d19165